00381nam a2200157Ia 4500003000400000005001700004008004000021040000700061041001200068082001700080100001900097245004100116250001000157260004400167300001200211OSt20230710112135.0210210b1996 xxu||||| |||| 00| 0 eng d cAL aEnglish a658.022 DESM aDESAI (Vasant) aManagement of a small scale industry a6 Rev aDelhi.bHimalaya Publishing Housec1996 axii,523